000
00271nam a2200109Ia 4500
008
201216s9999 xx 000 0 und d
100
_a
Mitchel, James (Ed.)
245
0
_a
(The) Random House Encyclopaedia
260
_a
New York
_b
Random House
300
_a
2918
942
_c
BK
999
_c
6779
_d
6779